Länder, die diese Regionen teilen - Statistiken

Allgemein
  • Dieses Quiz wurde 454 mal gespielt
  • Das Durchschnittsergebnis liegt bei 18 aus 22
Antwortstatistiken
Region Land % Korrekt
Lappland Finnland
98%
Lappland Norwegen
98%
Lappland Russland
98%
Mandschurei Russland
98%
Lappland Schweden
98%
Irland Vereinigtes Königreich
97%
Irland Irland
95%
Pommern Polen
93%
Pommern Deutschland
92%
Mandschurei China
87%
Borneo Indonesien
86%
Feuerland Argentinien
82%
Feuerland Chile
79%
Punjab Indien
79%
Borneo Malaysia
78%
Punjab Pakistan
74%
Borneo Brunei
69%
Thrakien Griechenland
67%
Thrakien Türkei
64%
Thrakien Bulgarien
59%
Brabant Belgien
49%
Brabant Niederlande
49%
Keine übereinstimmenden Quizze gefunden
Verteilung der Resultate
Anzahl Personen mit jedem Resultat
Perzentil nach korrekt beantworteten Fragen
Ihre Resultats-Entwicklung
Sie haben dieses Quiz noch nicht gespielt